000 00595cam a2200145 4500500
005 20260208005243.0
041 _afre
042 _adc
100 1 0 _aCochet, François
_eauthor
245 0 0 _aJacques Frémeaux, Les Colonies dans la Grande Guerre. Combats et épreuves des peuples d’outre-mer, Saint-Cloud, 14-18 Éditions (diff. Belin), 2006, 393 p., 2 cartes.
260 _c2007.
500 _a42
786 0 _nRevue historique | 642 | 2 | 2007-06-01 | p. 379zq-501zq | 0035-3264
856 4 1 _uhttps://shs.cairn.info/revue-historique-2007-2-page-379zq?lang=fr&redirect-ssocas=7080
999 _c1651284
_d1651284